| 000 | 01713nam0a2200337 4500 | ||
|---|---|---|---|
| 001 | RU\NLR\BIBL_A\022553732 | ||
| 005 | 20260420045140.0 | ||
| 010 |
_a978-5-7513-3842-8 _950 |
||
| 021 |
_aRU _bКН-П-25-016086 _9КН-П-25-1640 |
||
| 035 | _a(NLR Aleph) 022553732 | ||
| 090 |
_a13673807 _c13673807 |
||
| 100 | _a20250529d2024 u y0rusy50 ca | ||
| 101 | 0 | _arus | |
| 102 | _aRU | ||
| 105 | _aa|||j|||000yy | ||
| 181 | 0 |
_ai3 _baxxe |
|
| 182 | 0 | _an | |
| 200 | 1 |
_a300 задач по физике субатомных частиц _eучебное пособие _fКычкин И. С., Сивцев В. И. _gМинистерство науки и высшего образования Российской Федерации, Северо-Восточный федеральный университет имени М. К. Аммосова, Физико-технический институт |
|
| 203 |
_aТекст _bвизуальный _cнепосредственный |
||
| 210 |
_aЯкутск _cИздательский дом СВФУ _d2024 |
||
| 215 |
_a287 с. _cил., табл. _d20 |
||
| 320 | _aБиблиогр.: с. 285 | ||
| 517 | 1 | _aТриста задач по физике субатомных частиц | |
| 606 | 1 |
_aЯдерная физика _jУчебные издания для высших учебных заведений _xЗадачи _xРешение _92163079 _3RU\NLR\AUTH\661301649 |
|
| 686 | 1 | _aВ38я73-4 | |
| 700 | 1 |
_aКычкин _bИ. С. _gИннокентий Саввич |
|
| 701 | 1 |
_aСивцев _bВ. И. _gВасилий Иванович |
|
| 942 | _cBOOK | ||
| 980 | _aNB | ||